000 00291nam a22001337a 4500
008 170714b xxu||||| |||| 00| 0 eng d
020 _a027778002951
041 _aeng
080 _a038
100 _a24
101 _aFJA
245 _aITALIAN DICITONARY
_cBOCCHETTA, V.E
942 _2udc
_cBK
999 _c20902
_d20902